| 000 | 00000nam##2200000za#4500 |
| 001 | 9.602959 |
| 003 | CaOODSP |
| 005 | 20240212134142 |
| 007 | cr ||||||||||| |
| 008 | 150406|2001||||xxc|||||o f|0| 0 fre|d |
| 040 | |aCaOODSP|bfre |
| 043 | |an-cn--- |
| 086 | 1 |aNE22-1/2001-10F-PDF |
| 110 | 1 |aCanada. |bOffice national de l'énergie. |
| 245 | 10|aMaritimes & Northeast Pipeline Management Ltd. (M&NP) : |h[ressource électronique]|bmotifs de décision concernant la question de l'article 17 |
| 260 | |aCalgary - Alberta : |bOffice national de l'énergie |cNovembre 2001. |
| 300 | |a12p. |
| 490 | 1 |aMotifs de décision|vRH-3-2001 |
| 500 | |aTitre de départ, p.2 de 12. |
| 590 | |a12-10-Supp|b2012-03-23 |
| 775 | 08|tMaritimes & Northeast Pipeline Management Ltd. (M&NP) : |w(CaOODSP)9.572614 |
| 776 | 0#|tMaritimes & Northeast Pipeline Management Ltd. (M&NP): motifs de décision concernant la question de l'article 17 |w(CaOODSP)9.625879 |
| 830 | #0|aMotifs de décision (Canada. Office national de l'énergie)|vRH-3-2001|w(CaOODSP)9.500899 |
| 856 | 40|ahttp://publications.gc.ca|qPDF|s53 Ko|uhttps://publications.gc.ca/collections/Collection/NE22-1-2001-10F.pdf|yRH-3-2001 |